Droghe. Tossicofilie e tossicodipendenza (Record n. 211831)
[ formato base ]
| 000 -LEADER | |
|---|---|
| fixed length control field | 01364nam a2200229Ia 4500 |
| 001 - CONTROL NUMBER | |
| control field | b5329-35381 |
| 003 - CONTROL NUMBER IDENTIFIER | |
| control field | IT-MiCISF |
| 008 - FIXED-LENGTH DATA ELEMENTS--GENERAL INFORMATION | |
| fixed length control field | 161014s9999||||xx |||||||||||||| ||und|| |
| 040 ## - CATALOGING SOURCE | |
| Original cataloging agency | IT-MiCISF |
| Transcribing agency | IT-MiCISF |
| 041 ## - LANGUAGE CODE | |
| Language code of text/sound track or separate title | it |
| 999 ## - SYSTEM CONTROL NUMBERS (KOHA) | |
| Koha Dewey Subclass [OBSOLETE] | si |
| 100 ## - MAIN ENTRY--PERSONAL NAME | |
| Personal name | Salvini Alessandro (a cura di) |
| 245 #0 - TITLE STATEMENT | |
| Title | Droghe. Tossicofilie e tossicodipendenza |
| 250 ## - EDITION STATEMENT | |
| Edition statement | 1a ed. |
| 260 ## - PUBLICATION, DISTRIBUTION, ETC. (IMPRINT) | |
| Place of publication, distribution, etc. | Torino |
| Name of publisher, distributor, etc. | Utet Libreria |
| Date of publication, distribution, etc. | 2002 |
| 300 ## - PHYSICAL DESCRIPTION | |
| Extent | pp. XVI, 383 |
| 500 ## - GENERAL NOTE | |
| General note | Salvini A., Samperini A., Testoni I., Frigerio E., Milanese R., Faccio E., Iudici A., Damilano S., Mussoni A., Dall'Igna V., Zanellato L., Martino E., Pagliaro G., Turchi G.P., Fenini D., Savadori L., Tarantini F., Loi A. / tossicodipendenza, alcolismo, comunità-terapeutica, servizi-sociali, aids, prevenzione / Scritto per psicologi, medici e operatori del settore, e destinato a chiunque desideri un'informazione scientificamente qualificata, il libro offre un trattamento dettagliato delle sostanze psicoattive più frequentemente usate, di cui considera gli effetti principali e collaterali, sotto il profilo psicofarmacologico e quello sociale e clinico, nonché le strategie d'intervento e le forme di trattamento. |
| 650 ## - SUBJECT ADDED ENTRY--TOPICAL TERM | |
| Topical term or geographic name as entry element | Famiglia nella società / emarginazione-devianza |
| Relator term | 006 |
| 700 ## - ADDED ENTRY--PERSONAL NAME | |
| Personal name | Testoni Ines (a cura di) |
| 700 ## - ADDED ENTRY--PERSONAL NAME | |
| Personal name | Zamperini Adriano (a cura di) |
| 942 ## - ADDED ENTRY ELEMENTS (KOHA) | |
| Koha item type | LIBRO |
| 957 ## - | |
| -- | 1 |
| 999 ## - SYSTEM CONTROL NUMBERS (KOHA) | |
| -- | 1 |
| Withdrawn status | Lost status | Damaged status | Not for loan | Home library | Current library | Date acquired | Total Checkouts | Full call number | Date last seen | Price effective from | Koha item type | Public note |
|---|---|---|---|---|---|---|---|---|---|---|---|---|
| Buone Condizioni | Not For Loan | CISF - Milano | CISF - Milano | 14/10/2016 | b5329-35381 | 14/10/2016 | 14/10/2016 | LIBRO | Data import 15.10.2016 / by Epidotti, Vaglietti |